On This Day: August 10th II Quiz Stats

 Plays Quiz Updated Aug 17, 2018

Score 0/7 Timer 03:00
0 Plays Today
Question Answer Wrong Answers
Over a month after the Continental Congress acted, word of this document's passage finally reached London.
1776
Declaration of Independence
90.2%
US Constitution
5.6%
Articles of Confederation
3.4%
Olive Branch Petition
0.8%
This 'Notorious' jurist, often referred to by her initials, takes the oath of office and becomes the second female Associate Justice of the US Supreme Court.
1993
Ruth Bader Ginsburg
78.3%
Sandra Day O'Connor
14.4%
Sonia Sotomayor
4.1%
Elena Kagan
2.2%
Timothy McVeigh and this man are indicted for the 1995 terrorist bombing of the Alfred P. Murrah Federal Building in Oklahoma City, which killed at least 168 people.
1995
Terry Nichols
66.5%
Michael Fortier
4.5%
Eric Rudolph
7.3%
Ted Kaczynski
20.3%
This Austrian composer finishes his chamber piece 'Eine kleine Nachtmusik.'
1787
Wolfgang Amadeus Mozart
66.4%
Ludwig van Beethoven
14.7%
Johann Sebastian Bach
13.2%
Joseph Haydn
5.5%
A Parisian mob massacres palace guards as this king is arrested during the French Revolution.
1792
Louis XVI
61.1%
Louis XIV
31.8%
Napoleon Bonaparte
4.5%
Henry IV
2.2%
This American actor and screenwriter, star of 'Mulholland Drive' and 'The Leftovers,' and nephew of a famous travel author who shares his last name, is born.
1971
Justin Theroux
56%
John Krasinski
7.1%
Seth Rogen
13.3%
Robert Forster
22.8%
Google issues a surprising restructuring announcement that makes it one of numerous subsidiaries of a parent company called this.
2015
Alphabet
52.2%
Alibaba
14.6%
Booking Holdings
9.3%
Comcast
22.2%

You're not logged in!

Compare scores with friends on all Sporcle quizzes.
OR
Log In

Sporcle TV

Today on Sporcle TV


Watch our educational content, quiz creation guides, and fun videos on Sporcle TV.

Show Comments

Extras

Top Quizzes Today


Score Distribution

Your Account Isn't Verified!

In order to create a playlist on Sporcle, you need to verify the email address you used during registration. Go to your Sporcle Settings to finish the process.

Report this User

Report this user for behavior that violates our Community Guidelines.

Details: